000 00650cam a2200241 4500
008 090401t1998 xxu||||| |||| 00| 0 eng d
020 _a1860811922
035 _a(Sirsi) u84689
041 _aeng
050 _a690
110 _aBuilding Research Establishment
245 _aLow-rise buildings on fill : engineered fill.
260 _aLondon
_bConstruction Research Communications Ltd
_c1998
300 _a8p. : ill. ; 30cm.
350 _a0
490 _aBRE Digest
_v427 part 3
650 _aENGINEERED FILL
650 _aLANDFILL
650 _aLOW-RISE BUILDINGS
690 _aBUILT ENVIRONMENT
942 _n0
948 _c05/03/1998
999 _c96967
_d96967